Clase abierta, aguas residuales y reutilizacin̤

保存先:
書誌詳細
その他の著者: YouTube
フォーマット: 図書
言語:スペイン語
主題:
オンライン・アクセス:Clase abierta, aguas residuales y reutilizacin̤
タグ: タグ追加
タグなし, このレコードへの初めてのタグを付けませんか!

MARC

LEADER 00000nam a22000004a 4500
001 vpro14705
005 20201223000000.0
008 190506s2019 ck # g## #001 0#spa#d
020
022
040 |a CO-BoINGC 
041 0 |a spa 
245 1 0 |a Clase abierta, aguas residuales y reutilizacin̤ 
246 |a Open Class: Waste Water and Reusing 
264 |a Bogot ̀(Colombia) :  |b Revista VirtualPRO,  |c 2019 
520 3
650 \ \ |a Proteccin̤ del medio ambiente 
650 \ \ |a Contaminacin̤ 
650 \ \ |a Environmental protection 
650 \ \ |a Environmental pollution 
650 \ \ |a Gestin̤ ambiental 
650 \ \ |a Contaminacin̤ ambiental 
650 \ \ |a Remediacin̤ ambiental 
650 \ \ |a Tratamiento de aguas residuales 
650 \ \ |a Environmental management 
650 \ \ |a Environmental pollution 
650 \ \ |a Environmental remediation 
650 \ \ |a Wastewater treatment  
700 \ \ |a YouTube 
856 |z Clase abierta, aguas residuales y reutilizacin̤  |u https://virtualpro.unach.elogim.com/biblioteca/clase-abierta-aguas-residuales-y-reutilizacion